Fr. Conceicao Rodrigues College of Engineering

Solid State Physics (Record no. 36112)

MARC details
000 -LEADER
fixed length control field 00349nam a22001457a 4500
003 - CONTROL NUMBER IDENTIFIER
control field OSt
005 - DATE AND TIME OF LATEST TRANSACTION
control field 20241127093004.0
008 - FIXED-LENGTH DATA ELEMENTS--GENERAL INFORMATION
fixed length control field 241127b |||||||| |||| 00| 0 eng d
040 ## - CATALOGING SOURCE
Transcribing agency
050 ## - LIBRARY OF CONGRESS CALL NUMBER
Classification number 530/ASH
Item number ASH
082 ## - DEWEY DECIMAL CLASSIFICATION NUMBER
Classification number 530/ASH
Item number ASH
245 ## - TITLE STATEMENT
Title Solid State Physics
Statement of responsibility, etc. Ashcroft,Neil W
260 ## - PUBLICATION, DISTRIBUTION, ETC.
Name of publisher, distributor, etc. Cengage
Date of publication, distribution, etc. 1976
942 ## - ADDED ENTRY ELEMENTS (KOHA)
Source of classification or shelving scheme Dewey Decimal Classification
Koha item type BOOK
Call number prefix 530
Call number suffix ASH
Suppress in OPAC No
Holdings
Withdrawn status Lost status Source of classification or shelving scheme Damaged status Not for loan Collection Home library Current library Date acquired Cost, normal purchase price Inventory number Total Checkouts Full call number Barcode Date last seen Price effective from Koha item type Date due Date last checked out
    Dewey Decimal Classification     Physics Fr. Agnel's C.Rodrigues College of Engineering Fr. Agnel's C.Rodrigues College of Engineering 27/11/2024 975.00 AO/24/10/572 dt 22/10/2024   530/ASH 26506 27/11/2024 27/11/2024 BOOK    
    Dewey Decimal Classification     Physics Fr. Agnel's C.Rodrigues College of Engineering Fr. Agnel's C.Rodrigues College of Engineering 27/11/2024 975.00 AO/24/10/572 dt 22/10/2024   530/ASH 26507 27/11/2024 27/11/2024 BOOK    
    Dewey Decimal Classification     Physics Fr. Agnel's C.Rodrigues College of Engineering Fr. Agnel's C.Rodrigues College of Engineering 27/11/2024 975.00 AO/24/10/572 dt 22/10/2024 1 530/ASH 26508 27/11/2024 27/11/2024 BOOK 25/02/2025 27/11/2024
    Dewey Decimal Classification     Physics Fr. Agnel's C.Rodrigues College of Engineering Fr. Agnel's C.Rodrigues College of Engineering 27/11/2024 975.00 AO/24/10/572 dt 22/10/2024   530/ASH 26509 27/11/2024 27/11/2024 BOOK    
    Dewey Decimal Classification     Physics Fr. Agnel's C.Rodrigues College of Engineering Fr. Agnel's C.Rodrigues College of Engineering 27/11/2024 975.00 AO/24/10/572 dt 22/10/2024   530/ASH 26510 27/11/2024 27/11/2024 BOOK